Review of the Method of Valuation of the SDR : Amendment to Rule O-1.

This paper seeks Executive Board approval of an amendment to Rule O-1, which specifies the currency amounts in the SDR valuation basket.

التفاصيل البيبلوغرافية
مؤلف مشترك: International Monetary Fund
التنسيق: دورية
اللغة:English
منشور في: Washington, D.C. : International Monetary Fund, 2016.
سلاسل:Policy Papers; Policy Paper ; No. 2016/057
الموضوعات:
الوصول للمادة أونلاين:Full text available on IMF
LEADER 01362cas a2200313 a 4500
001 AALejournalIMF020563
008 230101c9999 xx r poo 0 0eng d
020 |c 5.00 USD 
020 |z 9781498345224 
022 |a 2663-3493 
040 |a BD-DhAAL  |c BD-DhAAL 
110 2 |a International Monetary Fund. 
245 1 0 |a Review of the Method of Valuation of the SDR :   |b Amendment to Rule O-1. 
264 1 |a Washington, D.C. :  |b International Monetary Fund,  |c 2016. 
300 |a 1 online resource (4 pages) 
490 1 |a Policy Papers 
500 |a <strong>Off-Campus Access:</strong> No User ID or Password Required 
500 |a <strong>On-Campus Access:</strong> No User ID or Password Required 
506 |a Electronic access restricted to authorized BRAC University faculty, staff and students 
520 3 |a This paper seeks Executive Board approval of an amendment to Rule O-1, which specifies the currency amounts in the SDR valuation basket. 
538 |a Mode of access: Internet 
650 7 |a Executive Board Approval  |2 imf 
650 7 |a PP  |2 imf 
650 7 |a SDR  |2 imf 
650 7 |a Value Of The SDR  |2 imf 
650 7 |a Value  |2 imf 
651 7 |a United States  |2 imf 
830 0 |a Policy Papers; Policy Paper ;  |v No. 2016/057 
856 4 0 |z Full text available on IMF  |u http://elibrary.imf.org/view/journals/007/2016/057/007.2016.issue-057-en.xml  |z IMF e-Library